000 00403nmm a2200145Ia 4500
008 251105s9999||||xx |||||||||||||||||und||
041 _aspa
100 _aStine, R.L.
245 0 _aCriaturas del más allá
264 _a[Madrid, España] :
_bEdiciones B,
_c2016
300 _a106 páginas
650 _aAges 9-12 Years Old
856 _uhttps://public.digitaliapublishing.com/a/54347
942 _cCF
999 _c106040
_d106040